<?xml version="1.0" encoding="UTF-8"?>
<marc:record xmlns:marc="http://www.loc.gov/MARC21/slim">
   <marc:leader>00000nam a2200000 a 4500</marc:leader>
   <marc:datafield ind1="1" ind2=" " tag="100">
      <marc:subfield code="a">Pelz, Monika</marc:subfield>
      <marc:subfield code="4">aut</marc:subfield>
      <marc:subfield code="e">Verfasser/-in</marc:subfield>
   </marc:datafield>
   <marc:datafield ind1=" " ind2=" " tag="653">
      <marc:subfield code="a">Führer</marc:subfield>
   </marc:datafield>
   <marc:datafield ind1="0" ind2="0" tag="245">
      <marc:subfield code="a">Rom</marc:subfield>
   </marc:datafield>
   <marc:datafield ind1="0" ind2="0" tag="245">
      <marc:subfield code="b">Pincio - wo Roms grünes Herz schlägt ; Piazza Navona - la Dolce Vita auf Roms schönstem Platz genießen</marc:subfield>
   </marc:datafield>
   <marc:datafield ind1="0" ind2="0" tag="245">
      <marc:subfield code="c">Monika Pelz</marc:subfield>
   </marc:datafield>
   <marc:datafield ind1=" " ind2="1" tag="264">
      <marc:subfield code="a">München</marc:subfield>
      <marc:subfield code="b">Travel-House-Media</marc:subfield>
      <marc:subfield code="c">2008</marc:subfield>
   </marc:datafield>
   <marc:datafield ind1="1" ind2=" " tag="490">
      <marc:subfield code="a">Merian live!</marc:subfield>
   </marc:datafield>
   <marc:datafield ind1=" " ind2=" " tag="250">
      <marc:subfield code="a">1. Aufl.</marc:subfield>
   </marc:datafield>
   <marc:datafield ind1="1" ind2=" " tag="520">
      <marc:subfield code="a">Angaben aus der Verlagsmeldung

Rom

Mehrfach ausgezeichnet als bester Kompakt-Reiseführer: 1. Platz ITB BuchAward! Jetzt neu mit herausnehmbarem Stadtplan zusätzlich zum Kartenatlas. Extra: MERIAN-Quiz mit Gewinnspiel! +++ Eine Auswahl aus dem Inhalt - Sehenswertes: Sixtinische Kapelle + Vatikanstaat + Kollosseum + Forum Romanum + Petersdom Villa Borghese +++ Museen und Galerien: Antiquario Communale + Vatikanische Museen +++ Die 3 schönsten Stadtrundgänge: Von der Piazza Venezia zum Campo de´ Fiori im Herzen Roms + Rundgang durch mehrere Jahrhunderte von der Piazza della Repubblica zum Pincio + Jüdisches und volkstümliches Rom im Ghetto und in Trastevere +++ Die 2 lohnendsten Ausflüge in die Umgebung: Die Via Appia - Katakomben und antike Villen an der Königin der Straßen + Ostia Antica und Tivoli +++ Ca. 60 Farbfotos, herausnehmbarer Stadtplan plus 12 Seiten Kartenatlas, 1 Verkehrslinienplan, 2 Spaziergangskarten, 3 Grundrisse, Sprachführer und Essdolmetscher, MERIAN-TopTen und MERIAN-Tipps
</marc:subfield>
   </marc:datafield>
   <marc:datafield ind1=" " ind2=" " tag="020">
      <marc:subfield code="a">9783834203113</marc:subfield>
      <marc:subfield code="9">9783834203113</marc:subfield>
   </marc:datafield>
   <marc:datafield ind1=" " ind2=" " tag="041">
      <marc:subfield code="a">ger</marc:subfield>
   </marc:datafield>
   <marc:datafield ind1=" " ind2=" " tag="300">
      <marc:subfield code="a">127 S.</marc:subfield>
   </marc:datafield>
</marc:record>
